header

Professional Xen virtualization (Record no. 27438)

MARC details
000 -LEADER
fixed length control field 01282nam a2200349Ia 4500
082 04 - DEWEY DECIMAL CLASSIFICATION NUMBER
Classification number 005.4/3
100 1# - MAIN ENTRY--AUTHOR NAME
Personal name Von Hagen, William.
245 10 - TITLE STATEMENT
Title Professional Xen virtualization
260 ## - PUBLICATION, DISTRIBUTION, ETC. (IMPRINT)
Place of publication Indianapolis, IN :
Name of publisher Wiley Pub.,
Year of publication c2008.
300 ## - PHYSICAL DESCRIPTION
Number of Pages xxiii, 405 p. :
Other physical details ill.
490 1# - SERIES STATEMENT
Series statement Wrox professional guides
500 ## - GENERAL NOTE
General note "Wrox programmer to programmer."
General note Includes index.
650 #0 - SUBJECT ADDED ENTRY--TOPICAL TERM
Topical Term Virtual computer systems.
Topical Term Open source software.
856 40 - ELECTRONIC LOCATION AND ACCESS
Uniform Resource Identifier http://site.ebrary.com/lib/rucke/Doc?id=10225351

No items available.

© 2026 Rongo University
Contact us: librarian | system librarian | Rongo university